| 000 | 00893nam a2200265Ia 4500 | ||
|---|---|---|---|
| 003 | OSt | ||
| 005 | 20220926025011.0 | ||
| 006 | a|||||r|||| 00| 0 | ||
| 007 | ta | ||
| 008 | 220923b |||||||| |||| 00| 0 eng d | ||
| 020 |
_a9780444633743 _c10818.89 |
||
| 037 |
_b017, 21/01/2019, EXCEL BOOK INTERNATIONAL _cGeneral Book |
||
| 040 |
_aRTL _cRTL _beng |
||
| 041 |
_2eng _aeng |
||
| 082 | _aX:(S:44), Q8 | ||
| 100 |
_aBERNHEIM B Douglas _9234847 |
||
| 245 | 0 | _aHANDBOOK OF behavioral economics- Foundations and applications 1 | |
| 260 |
_aOxford _bNorth- Holland _c2018 |
||
| 300 |
_axvi,732p _ccm. |
||
| 650 | _aEconomics | ||
| 700 |
_a DELLAVIGNA David _9331752 |
||
| 700 |
_a LAIBSON David _9234849 |
||
| 942 |
_hX:(S:44), Q8 _cGB _2CC |
||
| 999 |
_c646115 _d646115 |
||